| 000 | 00996nam a2200337Ia 4500 | ||
|---|---|---|---|
| 001 | Z_5933 | ||
| 003 | CHAP | ||
| 008 | 220113s2010 xx 000 0 und d | ||
| 010 | _a169141 | ||
| 020 | _a84-8476-084-7 | ||
| 040 | _cCHAP | ||
| 082 | _a333.714 G66 | ||
| 100 |
_aGómez Orea, Domingo _949838 |
||
| 245 |
_aEvaluación de impacto ambiental : un instrumento preventivo para la gestión ambiental / _cDomingo Gómez Orea |
||
| 250 | _a2a ed. | ||
| 260 |
_aEspaña : _bMundi Prensa :, _bAgricola Española, _c2010 |
||
| 300 | _a749 p. | ||
| 500 | _a2a ed. revisada y ampliada, reimpresión del 2010 | ||
| 503 | _aej.1: C/E \ ej.2: C/E | ||
| 504 | _aBibliografía: p. 745 -749 | ||
| 650 |
_aAnálisis del impacto ambiental _9143495 |
||
| 650 |
_aImpacto ambiental _957465 |
||
| 650 |
_aInformes de impacto ambiental _9143496 |
||
| 650 |
_aMedio ambiente _974065 |
||
| 901 | _a333.714 G66 | ||
| 902 | _aM | ||
| 910 | _a2010 | ||
| 942 | _c1 | ||
| 942 | _cc1 | ||
| 999 |
_c169141 _d169141 |
||